Ocupación principal, nacionalidad y concisión jurídica del productor
Censo sobre el sector agropecuario en Honduras (1974), informa sobre las actividades preparatorias del censo y su metodología. Contiene datos referentes a: número de explotaciones y superficie, por ocupación principal del productor y manejo de la finca, número de explotaciones por nacionalidad del p...
Sparad:
| Institutionell upphovsman: | |
|---|---|
| Materialtyp: | Text |
| Publicerad: |
Tegucigalpa:
Ministerio de Economía
|
| Ämnen: | |
| Taggar: |
Lägg till en tagg
Inga taggar, Lägg till första taggen!
|
MARC
| LEADER | 00000 a a2200000 04500 | ||
|---|---|---|---|
| 001 | 19938 | ||
| 003 | |||
| 040 | |||
| 090 | |a 081100 | ||
| 110 | |a Honduras. Ministerio de Economía. Dirección General de Estadística y Censos | ||
| 245 | |a Ocupación principal, nacionalidad y concisión jurídica del productor | ||
| 260 | |a Tegucigalpa: |b Ministerio de Economía | ||
| 300 | |a 42 p.; v. 1 | ||
| 520 | |a Censo sobre el sector agropecuario en Honduras (1974), informa sobre las actividades preparatorias del censo y su metodología. Contiene datos referentes a: número de explotaciones y superficie, por ocupación principal del productor y manejo de la finca, número de explotaciones por nacionalidad del productor y condición jurídica del productor la información se da por departamento y municipio./ACM | ||
| 650 | |a CENSOS AGRICOLAS | ||
| 650 | |a INDICADORES ECONOMICOS | ||
| 650 | |a SECTOR AGROPECUARIO | ||
| 999 | |c 10836 |d 10836 | ||
